Girls in Song - Statistics

General Stats
  • This quiz has been taken 7 times
  • The average score is 3 of 26
Answer Stats
Hint Answer % Correct
X?: The Warrior Princess 1996 Xena
86%
Please Don't Ask About B? 1960 Barbara
43%
Don’t Dilly Dally, S? 1960 Sally
43%
Princess O? 1981 Olivia
29%
U? Finally Has Tits 1993 Ursula
29%
D? My Darlin' 1956 Darla
14%
Good Natured E? 1969 Emma
14%
Ginger F? 1993 Faye
14%
Hardhearted H? 1895 & 1960 Hannah
14%
I? Eyes 1988 Isabella
14%
Melacholy P? 2004 Polly
14%
V? Loves Me 1991 Valerie
14%
W? Is A Player 2001 Willow
14%
Give Us a Smile A? 2000 Alicia
0%
Kill Me C? 2009 Carolyne
0%
Sweet Lady G? 1973 Genevieve
0%
Dance Little J? 1983 Jean
0%
K?'s Too Nice 1991 Kamala
0%
Ballad of L? 2013 Lacey
0%
Mumblin' M? 1958 Mosie
0%
Darling N? 1984 Nikki
0%
Bye Bye Q? 2014 Queenia
0%
R? Remains The Same 1991 Renee
0%
Zero And Blind T? 1998 Terry
0%
Whole Lotta Y? 1995 Yoko
0%
Z?'s Petals 2010 Zuzu
0%
No matching quizzes found
Score Distribution
Percent of People with Each Score
Percentile by Number Answered
Your Score History
You have not taken this quiz